00721 2200253 4500001002100000005001500021035002000036007000300056008004100059100001400100245012200114250001400236300003400250020001800284082001100302084002000313084002100333084002100354260003100375600002200406990001300428990001300441990001300454INLIS00000000000936020251226015401 a0010-0623000154ta230626 g 0 ind 1 aGarst Kim1 aWill The Real you Please Stand Up :bsukses besar di media sosial dengan menampilkan keaslian brand anda /cKim Garst aCetakan 2 a167 hlm :b- ;c13.5 x 20 cm. a9786023757701 a658.82 a658.82 GAR w C1 a658.82 GAR w C.2 a658.82 GAR w C.3 aJakarta :bGramedia,c2020 4aPromosi Pemasaran a023.3447 a023.3445 a023.3446